000 00281nam a2200109Ia 4500
008 190919s9999||||xx |||||||||||||| ||und||
100 _aN Papamichael
245 0 _aComputational Methods and Function Theory 1997
260 _aLondon
_bAddison
_c2000
300 _a955
942 _cBK
999 _c10335
_d10335